Primi 15 paesi interessati da Covid-19 - 24 novembre 2021 - Statistics

Statistiche generali
  • Questo quiz è stato fatto 8 volte
  • Il punteggio medio è 17 su 28
Statistiche sulle risposte
paese % Corretto
Brasile
100%
Francia
100%
Germania
100%
Italia
100%
Regno Unito
100%
Russia
100%
Stati Uniti
100%
Argentina
88%
Messico
88%
Croazia
75%
India
75%
Spagna
75%
Belgio
63%
Paesi Bassi
63%
Slovenia
63%
Iran
50%
Svezia
50%
Turchia
50%
Estonia
38%
Georgia
38%
Israele
38%
Cechia
25%
Colombia
25%
Indonesia
25%
Lettonia
25%
Lituania
25%
Serbia
25%
Bahrain
13%
Nessun quiz corrispondente trovato
Distribuzione punteggi
Percentuale di utenti per punteggio
Percentile per numero di risposta
I tuoi punteggi nel tempo
Non hai fatto questo quiz